| 000 | 00379nam a22001337a 4500 | ||
|---|---|---|---|
| 020 | _a9781592539802 | ||
| 040 | _cNUST | ||
| 082 | _a745.54 ROD | ||
| 100 |
_aRodabaugh, Katrina _9109956 |
||
| 245 |
_aThe paper playhouse : _bAwesome Art Projects For Kids Using Paper, Boxes, And Books |
||
| 260 |
_aUSA: _bQuarry Books, _c2015. |
||
| 650 |
_aPaper Work _933631 |
||
| 942 |
_2ddc _cBK |
||
| 999 |
_c593558 _d593558 |
||